000 00585nam a22001937a 4500
999 _c17877
_d17877
003 OSt
005 20230126163148.0
008 230126b ||||| |||| 00| 0 eng d
040 _c0
082 _aDPer 370.5 M720 June - December 2017 v66 no. 1-7
100 _aCruz, Elena A.
_eauthor.
_937049
245 _aKontra droga /
_cElena A. Cruz
260 _aPhilippines :
_bPapi Publishers, Inc.,
_cNovember 2017.
300 _avolume 66, page 213.
650 _aDrug use.
_947522
650 _aDrug addiction.
_918523
700 _aCruz, Elena A.
_eauthor.
_937049
942 _2ddc
_cPER